[Event "46th Capablanca Memorial Open B"]
[Site "Havana CUB"]
[Date "2011.05.13"]
[Round "3.31"]
[White "Hernandez Hernandez, Yasmani"]
[Black "Campos Jimenez, Augusto Cesar"]
[Result "1-0"]
[WhiteElo "2158"]
[BlackElo "1996"]
[WhiteFideId "3503623"]
[BlackFideId "3517160"]
[EventDate "2011.05.11"]

1. e4 c5 2. c3 d5 3. exd5 Qxd5 4. d4 Nc6 5. Nf3 e6 6. Be3 cxd4 7. cxd4 Nf6 8.
Nc3 Qd6 9. Bd3 Be7 10. O-O O-O 11. Nb5 Qd8 12. Ne5 Nb4 13. Bb1 Nbd5 14. a3 a6
15. Nc3 Nxc3 16. bxc3 Qc7 17. Qd3 b5 18. Bf4 Qb7 19. Ng4 g6 20. Nh6+ Kg7 21. Re1
Nd5 22. Bd2 f5 23. Qh3 Re8 24. Nf7 Nf6 25. Ng5 Qc6 26. Ba2 Bd8 27. Bf4 Ra7 28.
Be5 h6 29. Nf3 Bb7 30. Rac1 Qd7 31. Re3 Bd5 32. c4 bxc4 33. Bxc4 Bxc4 34. Rxc4
Rb7 35. g4 Rb1+ 36. Kg2 Kh7 37. Bxf6 Bxf6 38. Rec3 Rb7 39. g5 Bg7 40. gxh6 Bxh6
41. Qg3 Re7 42. Rc5 Rg7 43. Rc8 g5 44. Qe5 g4 45. Ng1 Rb5 46. R8c5 Rb6 47. d5
exd5 48. Rxd5 Qf7 49. Qxf5+ Qxf5 50. Rxf5 Bd2 51. Rd3 Rb2 52. Rd6 Be1 53. Rxa6
Rb8 54. Ne2 Bd2 55. Nd4 Rg6 56. Nc6 Bc3 1-0

[Event "46th Capablanca Memorial Open B"]
[Site "Havana CUB"]
[Date "2011.05.13"]
[Round "3.32"]
[White "Andraca Perera, Jose Raul"]
[Black "Hernandez Carmenate, Holman"]
[Result "0-1"]
[WhiteElo "2020"]
[BlackElo "2152"]
[WhiteFideId "3505936"]
[BlackFideId "3510069"]
[EventDate "2011.05.11"]

1. g3 Nf6 2. Bg2 g6 3. d3 Bg7 4. Nf3 O-O 5. c4 d6 6. O-O e5 7. Nbd2 Nc6 8. Rb1
a5 9. b3 h6 10. a3 Be6 11. b4 axb4 12. axb4 Qd7 13. b5 Ne7 14. Qc2 Bh3 15. Bb2
Bxg2 16. Kxg2 b6 17. Ra1 Nh5 18. d4 exd4 19. Bxd4 Nf5 20. Bxg7 Nhxg7 21. Ne4 Qe6
22. h3 Rxa1 23. Rxa1 Re8 24. Nfd2 d5 25. cxd5 Qxd5 26. Kg1 Qe5 27. Ra7 Re7 28.
Qc6 Ne8 29. e3 Kg7 30. Qc3 Nfd6 31. Qxe5+ Rxe5 32. Nxd6 Nxd6 33. Rxc7 Rxb5 34.
Rc6 Rd5 35. Nf3 Rd1+ 36. Kg2 b5 37. Rb6 f5 38. Rb8 Rb1 39. Rb6 Ne4 40. Rb7+ Kf6
41. Rc7 Rb2 42. Kg1 Nd6 43. Rc6 Ke6 44. Nd4+ Kd5 45. Rc1 Ne4 0-1

[Event "46th Capablanca Memorial Open B"]
[Site "Havana CUB"]
[Date "2011.05.13"]
[Round "3.33"]
[White "Hernandez Sotelo, Jose I."]
[Black "Bueno Gauna, Christian Alejandro"]
[Result "1/2-1/2"]
[WhiteElo "2140"]
[BlackElo "1983"]
[WhiteFideId "3508803"]
[BlackFideId "3509958"]
[EventDate "2011.05.11"]

1. e4 c5 2. Nf3 d6 3. d4 cxd4 4. Nxd4 Nf6 5. Nc3 a6 6. Be3 e5 7. Nb3 Be6 8. Qd2
Be7 9. O-O-O O-O 10. f4 Qc7 11. Rg1 a5 12. f5 Bc4 13. Bxc4 Qxc4 14. Qd3 Qc6 15.
Nd2 Na6 16. Nd5 Nxd5 17. exd5 Qa4 18. Kb1 Nb4 19. Qb3 Qxb3 20. Nxb3 a4 21. Nc1
a3 22. b3 Rfc8 23. c4 Bf6 24. Nd3 Nxd3 25. Rxd3 Rab8 26. Rc1 e4 27. Rdd1 Bb2 28.
Rc2 Be5 29. g3 b6 30. Re1 g6 31. Bc1 gxf5 32. Bxa3 Ra8 33. Bb4 b5 34. c5 dxc5
35. Rxc5 Rxc5 36. Bxc5 Rd8 37. Rd1 f4 38. gxf4 Bd6 39. Bxd6 Rxd6 40. Kc2 b4 41.
Rd4 f5 42. Kd2 Kf7 43. Ke3 Kg6 44. Rd2 Kh5 45. h3 Kh4 46. Kd4 Kg3 1/2-1/2

[Event "46th Capablanca Memorial Open B"]
[Site "Havana CUB"]
[Date "2011.05.13"]
[Round "3.34"]
[White "Oliva Meneses, Juan Carlos"]
[Black "Castro, Jose Luis"]
[Result "1/2-1/2"]
[WhiteElo "1996"]
[BlackElo "2133"]
[WhiteFideId "3514374"]
[BlackFideId "3901831"]
[EventDate "2011.05.11"]

1. f4 Nf6 2. e3 g6 3. d4 Bg7 4. Nf3 O-O 5. c3 d6 6. Bd3 Nbd7 7. O-O c6 8. Nbd2
e5 9. Re1 Qe7 10. fxe5 dxe5 11. e4 exd4 12. cxd4 c5 13. d5 Ng4 14. Nc4 Nde5 15.
Nfxe5 Nxe5 16. Bf4 Nxc4 17. Bxc4 Bxb2 18. Rb1 Bd4+ 19. Kh1 Qf6 20. Bg3 Be5 21.
Rf1 Qd6 22. Bxe5 Qxe5 23. Re1 b6 24. a4 Bd7 25. Qb3 Rae8 26. h3 Qf4 27. Bd3 Qd6
28. Qc3 Re5 29. a5 Rfe8 30. axb6 axb6 31. Rb2 f5 32. Reb1 b5 33. Bxb5 Bxb5 34.
Rxb5 Rxe4 35. Rxc5 Re3 1/2-1/2

[Event "46th Capablanca Memorial Open B"]
[Site "Havana CUB"]
[Date "2011.05.13"]
[Round "3.35"]
[White "Vargas Rodriguez, Wilver"]
[Black "Mencos, Claudia"]
[Result "1/2-1/2"]
[BlackTitle "WIM"]
[WhiteElo "2133"]
[BlackElo "1972"]
[WhiteFideId "3509672"]
[BlackFideId "7300573"]
[EventDate "2011.05.11"]

1. e4 c5 2. Nc3 e6 3. g3 a6 4. Bg2 Nc6 5. Nge2 Nf6 6. d3 Be7 7. O-O d6 8. a4 O-O
9. f4 d5 10. Kh1 Rb8 11. b3 b5 12. axb5 axb5 13. e5 Nd7 14. Bb2 Qc7 15. Re1 b4
16. Nb1 f5 17. Nd2 Bb7 18. Nf3 h6 19. Qd2 Ra8 20. h3 d4 21. g4 g6 22. gxf5 gxf5
23. Rg1 Rxa1 24. Bxa1 Kh7 25. Ng3 Rg8 26. Kh2 Qd8 27. Bb2 Nb6 28. Bc1 Nd5 29.
Qe2 Nb8 30. Bd2 Nd7 31. Ne1 Qe8 32. Bf3 Bh4 33. Nf1 Rxg1 34. Kxg1 Bxe1 35. Qxe1
Qg8+ 36. Kh2 Qe8 37. Qg3 N7b6 38. Bd1 Nc8 1/2-1/2

[Event "46th Capablanca Memorial Open B"]
[Site "Havana CUB"]
[Date "2011.05.13"]
[Round "3.38"]
[White "Perez De Leon, Roberto"]
[Black "Hernandez Copin, Elvis"]
[Result "0-1"]
[WhiteElo "2096"]
[BlackElo "2244"]
[WhiteFideId "3512851"]
[BlackFideId "3506258"]
[EventDate "2011.05.11"]

1. Nf3 Nf6 2. g3 c5 3. Bg2 d5 4. d3 Nc6 5. Nbd2 e6 6. e4 Be7 7. O-O O-O 8. Re1
Qc7 9. e5 Nd7 10. Qe2 b5 11. h4 a5 12. Nf1 c4 13. Bf4 Ba6 14. Ne3 Nc5 15. h5
Rad8 16. Ng4 b4 17. Rad1 b3 18. axb3 cxd3 19. cxd3 Nb4 20. Nf6+ Kh8 21. Ng5 gxf6
22. exf6 Bd6 23. Qg4 Rg8 24. Bxd6 Rxd6 25. d4 Ncd3 26. h6 Nxe1 27. Rc1 Rc6 28.
Rxe1 Rc1 29. Qh5 Rxe1+ 30. Kh2 Rg6 31. Nf3 Be2 32. Qh4 Bxf3 33. Bxf3 Qc1 0-1

[Event "46th Capablanca Memorial Open B"]
[Site "Havana CUB"]
[Date "2011.05.13"]
[Round "3.39"]
[White "Isidron Marcelo, Guillermo"]
[Black "Agra Caballero, Ariel"]
[Result "0-1"]
[WhiteElo "2090"]
[BlackElo "2229"]
[WhiteFideId "3511464"]
[BlackFideId "3503577"]
[EventDate "2011.05.11"]

1. d4 Nf6 2. Bf4 d5 3. e3 g6 4. Nd2 Bg7 5. Ngf3 O-O 6. Bd3 c6 7. c4 Na6 8. a3 c5
9. O-O dxc4 10. Bxc4 cxd4 11. exd4 Qb6 12. Qb3 Bf5 13. Qxb6 axb6 14. Rfe1 e6 15.
Be5 Rac8 16. Rac1 Nb8 17. h3 h5 18. Bb5 Nc6 19. Bxc6 bxc6 20. Nc4 Nd5 21. Nd6
Bh6 22. Nxc8 Bxc1 23. Nxb6 Bxb2 24. Nxd5 cxd5 25. Bd6 Rc8 26. Bc5 Rb8 27. Bb4 f6
28. Re2 Bc1 29. Ne1 Kf7 30. Nc2 Bb2 31. Bc5 Rb3 32. Ne3 Bd3 33. Rd2 Bxa3 34.
Bxa3 Rxa3 35. f3 g5 36. Kf2 Ba6 37. Nd1 h4 38. Ne3 f5 39. Rb2 Ra1 40. Rd2 f4 41.
Nd1 Bc4 42. Ke1 Rb1 43. Rb2 Ra1 44. Rd2 Kf6 0-1

[Event "46th Capablanca Memorial Open B"]
[Site "Havana CUB"]
[Date "2011.05.13"]
[Round "3.40"]
[White "Romero, Jaime"]
[Black "Gonzalez Vega, Alejandro"]
[Result "1-0"]
[BlackTitle "FM"]
[WhiteElo "2034"]
[BlackElo "2218"]
[WhiteFideId "3902498"]
[BlackFideId "3510042"]
[EventDate "2011.05.11"]

1. e4 c5 2. Nf3 d6 3. d4 cxd4 4. Nxd4 Nf6 5. Nc3 a6 6. Be3 e5 7. Nb3 Be6 8. f3
Be7 9. Qd2 Qc7 10. g4 Nbd7 11. O-O-O O-O 12. h4 b5 13. g5 Nh5 14. Bh3 Nb6 15.
Bg4 Nc4 16. Qf2 Nxe3 17. Qxe3 Nf4 18. Ne2 Nxe2+ 19. Qxe2 a5 20. Kb1 a4 21. Nc1
a3 22. b3 Qc3 23. Nd3 Bd8 24. Qd2 Ba5 25. Qxc3 Bxc3 26. Rdg1 Rac8 27. Rh3 Rc7
28. h5 d5 29. Bf5 dxe4 30. fxe4 Bd4 31. Rg2 Bc8 32. Bxc8 Rcxc8 33. Nb4 f5 34. c3
fxe4 35. Nd5 Rf1+ 36. Kc2 Kh8 37. b4 e3 1-0

[Event "46th Capablanca Memorial Open B"]
[Site "Havana CUB"]
[Date "2011.05.13"]
[Round "3.41"]
[White "Gabriel Vargas, Carlos"]
[Black "Charon Mustelier, Manuel"]
[Result "0-1"]
[WhiteElo "2214"]
[BlackElo "2167"]
[WhiteFideId "3503046"]
[BlackFideId "3502023"]
[EventDate "2011.05.11"]

1. e4 e5 2. Nf3 d6 3. Bc4 Nc6 4. O-O Be7 5. c3 Nf6 6. Re1 O-O 7. d3 Na5 8. Bb5
a6 9. Ba4 b5 10. Bc2 c5 11. Nbd2 Qc7 12. Nf1 Bd7 13. Ng3 Rfe8 14. h3 Rac8 15.
Bg5 Nc6 16. Nh2 h6 17. Bxf6 Bxf6 18. Ng4 Bg5 19. Ne3 Be6 20. Bb3 Bxe3 21. fxe3
g6 22. h4 c4 23. dxc4 bxc4 24. Ba4 Red8 25. h5 g5 26. Qf3 Kg7 27. Bxc6 Qxc6 28.
Rad1 Rb8 29. Rd2 Qe8 30. Ree2 Rb6 0-1

[Event "46th Capablanca Memorial Open B"]
[Site "Havana CUB"]
[Date "2011.05.13"]
[Round "3.43"]
[White "Brito Valdes, Santiago Jose"]
[Black "Mancebo Marrero, Pedro Ramiro"]
[Result "0-1"]
[WhiteElo "1958"]
[BlackElo "2205"]
[WhiteFideId "3515478"]
[BlackFideId "3503879"]
[EventDate "2011.05.11"]

1. e4 e6 2. d3 c5 3. Nd2 Nc6 4. Ngf3 g6 5. g3 Bg7 6. Bg2 Nge7 7. O-O O-O 8. Nh4
d6 9. f4 f5 10. c3 Rb8 11. h3 b5 12. g4 Bd7 13. Rf2 b4 14. Qc2 bxc3 15. bxc3 Nb4
16. cxb4 Bxa1 17. Nb3 Bd4 18. Nxd4 cxd4 19. Bb2 Nc6 20. a3 Qxh4 21. exf5 Rbc8
22. fxe6 Ne7 23. Qb3 Bc6 24. Bxd4 Bxg2 25. Kxg2 h5 26. Qd1 hxg4 27. hxg4 Nd5 28.
Kg1 Rxf4 29. Bxa7 Rxg4+ 0-1

[Event "46th Capablanca Memorial Open B"]
[Site "Havana CUB"]
[Date "2011.05.13"]
[Round "3.44"]
[White "Vega Cordovilla, Maria Jose"]
[Black "Ordunez Echarte, Dennys"]
[Result "0-1"]
[BlackTitle "FM"]
[WhiteElo "1901"]
[BlackElo "2195"]
[WhiteFideId "3604527"]
[BlackFideId "3512207"]
[EventDate "2011.05.11"]

1. e4 c5 2. Nf3 Nc6 3. d4 cxd4 4. Nxd4 g6 5. Bc4 Bg7 6. Be3 Nf6 7. Nc3 Qc7 8.
Bb3 a6 9. a3 Na5 10. f4 d6 11. h3 b5 12. O-O Bb7 13. Qf3 O-O 14. Rad1 Nxb3 15.
Nxb3 Nxe4 16. Nxe4 f5 17. c3 Bxe4 18. Qf2 Rac8 19. Rd2 Qc4 20. Nd4 g5 21. Nf3
gxf4 22. Bxf4 e5 23. Bg5 h6 24. Be3 f4 25. Bb6 Bd3 26. Rfd1 e4 27. Qh4 Be2 28.
Nd4 Bxd1 29. Rxd1 f3 0-1

[Event "46th Capablanca Memorial Open B"]
[Site "Havana CUB"]
[Date "2011.05.13"]
[Round "3.47"]
[White "Gutierrez Espinosa, Karen"]
[Black "Montilla, Jorcerys"]
[Result "1/2-1/2"]
[WhiteTitle "WFM"]
[WhiteElo "2094"]
[BlackElo "1986"]
[WhiteFideId "3513238"]
[BlackFideId "3900517"]
[EventDate "2011.05.11"]

1. e4 c5 2. Nf3 Nc6 3. d4 cxd4 4. Nxd4 Nf6 5. Nc3 e5 6. Ndb5 d6 7. Bg5 a6 8. Na3
b5 9. Nd5 Be7 10. Bxf6 Bxf6 11. c3 Bg5 12. Nc2 O-O 13. Be2 Rb8 14. O-O Be6 15.
Ncb4 Nxb4 16. Nxb4 Qb6 17. Kh1 a5 18. Nd5 Qa7 19. Qd3 Kh8 20. Rad1 b4 21. cxb4
axb4 22. Qg3 Bh6 23. Bc4 Qc5 24. Bb3 f5 25. f3 fxe4 26. fxe4 Bxd5 27. Bxd5 Qc2
28. Qb3 Qe2 29. Rf3 Rxf3 30. Qxf3 Qxf3 31. gxf3 Be3 1/2-1/2

[Event "46th Capablanca Memorial Open B"]
[Site "Havana CUB"]
[Date "2011.05.13"]
[Round "3.49"]
[White "Perez Bohigas, Lays Monica"]
[Black "Bravo Navarro, Wilson"]
[Result "0-1"]
[WhiteElo "2056"]
[BlackElo "1955"]
[WhiteFideId "3510964"]
[BlackFideId "3605680"]
[EventDate "2011.05.11"]

1. e4 c5 2. Nf3 g6 3. d4 cxd4 4. Qxd4 Nf6 5. Bb5 a6 6. Be2 Nc6 7. Qd3 d6 8. O-O
Bg7 9. Nc3 O-O 10. Be3 Ng4 11. h3 Nb4 12. Qd2 Nxe3 13. fxe3 Nc6 14. Rad1 Qb6 15.
Na4 Qc7 16. Nc3 b5 17. a3 Be6 18. Nd4 Ne5 19. Nxe6 fxe6 20. Rxf8+ Rxf8 21. Rf1
Rc8 22. Bd3 Qc5 23. Nb1 Nd7 24. b4 Qg5 25. Qf2 Rf8 26. Qe2 Rxf1+ 27. Kxf1 Bh6
28. Kf2 Qh4+ 29. Kf1 Qg3 30. Qf2 Qxe3 31. Qxe3 Bxe3 32. Ke2 Bb6 33. Nd2 d5 34.
Kf3 Bd4 35. Nb1 Kf7 36. g3 Kf6 37. h4 Ne5+ 38. Kf4 h6 39. g4 g5+ 40. hxg5+ hxg5+
41. Kg3 Nd7 42. Kf3 Ke5 43. exd5 exd5 44. Bf5 e6 0-1

[Event "46th Capablanca Memorial Open B"]
[Site "Havana CUB"]
[Date "2011.05.13"]
[Round "3.50"]
[White "Roca Rojas, Ana Flavia"]
[Black "Rodriguez Caballero, Mayrelis"]
[Result "1-0"]
[WhiteElo "1948"]
[BlackElo "2034"]
[WhiteFideId "3514269"]
[BlackFideId "3514072"]
[EventDate "2011.05.11"]

1. e4 e5 2. Nf3 Nc6 3. Bc4 Nf6 4. d3 Bc5 5. c3 d6 6. Nbd2 Bg4 7. h3 Bh5 8. Nf1
Qd7 9. Ng3 Bg6 10. O-O O-O 11. Nh4 Kh8 12. Qf3 Na5 13. Nhf5 Nxc4 14. dxc4 c6 15.
Bg5 Qe6 16. h4 Bxf5 17. Nxf5 Qxc4 18. Nxg7 Nxe4 19. Bf6 Nxf6 20. Qxf6 Kg8 21.
Nf5 1-0

[Event "46th Capablanca Memorial Open B"]
[Site "Havana CUB"]
[Date "2011.05.13"]
[Round "3.51"]
[White "Bolanos, Cristian"]
[Black "Valdivia Pena, Yaima"]
[Result "0-1"]
[BlackTitle "WFM"]
[WhiteElo "1905"]
[BlackElo "2021"]
[WhiteFideId "3603075"]
[BlackFideId "3514110"]
[EventDate "2011.05.11"]

1. e4 c5 2. Nf3 Nc6 3. d4 cxd4 4. Nxd4 Nf6 5. Nc3 e5 6. Nb3 Bb4 7. Bd3 d5 8.
exd5 Nxd5 9. Bd2 Nxc3 10. bxc3 Be7 11. O-O O-O 12. Bb5 f5 13. Bxc6 bxc6 14. Qe2
f4 15. f3 Rf5 16. Rad1 Qe8 17. Be1 Qg6 18. Nd4 exd4 19. Qxe7 Ba6 20. Rf2 Re8 21.
Qxa7 Be2 22. Rb1 Rg5 23. Kh1 Rxg2 0-1

[Event "46th Capablanca Memorial Open B"]
[Site "Havana CUB"]
[Date "2011.05.13"]
[Round "3.52"]
[White "Martin Campos, Beatriz Josefa"]
[Black "Gates, David A"]
[Result "1-0"]
[WhiteElo "2020"]
[BlackElo "1706"]
[WhiteFideId "3506495"]
[BlackFideId "415723"]
[EventDate "2011.05.11"]

1. e4 c6 2. d4 d5 3. f4 dxe4 4. Nc3 Nf6 5. Bc4 e6 6. Nge2 Bb4 7. O-O Nbd7 8. a3
Bxc3 9. Nxc3 Nb6 10. Ba2 Nbd5 11. Na4 O-O 12. c4 Ne7 13. Nc3 Nf5 14. Ne2 Ng4 15.
Qd2 Qh4 16. h3 Nge3 17. Qe1 Qh5 18. Bxe3 Nxe3 19. Ng3 Qh4 20. Qxe3 f5 21. d5
exd5 22. cxd5 cxd5 23. Bxd5+ Kh8 24. Rac1 g6 25. Rc7 Rd8 26. Qd4+ 1-0

[Event "46th Capablanca Memorial Open B"]
[Site "Havana CUB"]
[Date "2011.05.13"]
[Round "3.10"]
[White "Quesada Chow, Ismael Adan"]
[Black "Hernandez Noa, Rodney"]
[Result "1-0"]
[WhiteElo "2131"]
[BlackElo "2282"]
[WhiteFideId "3509559"]
[BlackFideId "3510360"]
[EventDate "2011.05.11"]

1. e4 e5 2. Nf3 Nc6 3. Bb5 a6 4. Ba4 Nf6 5. O-O Be7 6. Re1 b5 7. Bb3 d6 8. h3
O-O 9. c3 Na5 10. Bc2 d5 11. d4 Nxe4 12. Nxe5 f6 13. Nf3 f5 14. Ne5 Bd6 15. Qh5
c5 16. Nd2 Bb7 17. Nf1 cxd4 18. cxd4 Qc7 19. Bxe4 fxe4 20. Be3 g6 21. Qg4 Bxe5
22. Qe6+ Qf7 23. Qxe5 Nc4 24. Qg3 Nxb2 25. Bh6 Rfe8 26. Ne3 Bc8 27. a4 Nd3 28.
Rf1 Be6 29. f3 Qd7 30. fxe4 dxe4 31. d5 Bxd5 32. Ng4 Re6 33. Nf6+ Rxf6 34. Rxf6
Bb7 35. Raf1 Qd4+ 36. Be3 Qe5 37. Qxe5 Nxe5 38. Bd4 1-0

[Event "46th Capablanca Memorial Open B"]
[Site "Havana CUB"]
[Date "2011.05.14"]
[Round "4.1"]
[White "Gongora Reyes, Liuber"]
[Black "Ragolta Franco, Eduardo"]
[Result "1/2-1/2"]
[WhiteTitle "FM"]
[BlackTitle "FM"]
[WhiteElo "2277"]
[BlackElo "2247"]
[WhiteFideId "3503984"]
[BlackFideId "3505910"]
[EventDate "2011.05.11"]

1. e4 e6 2. d4 d5 3. Nc3 Bb4 4. e5 c5 5. a3 Bxc3+ 6. bxc3 Nc6 7. Qg4 g6 8. h4
Qa5 9. Bd2 Qa4 10. Rc1 h5 11. Qf4 cxd4 12. Nf3 Qxa3 13. cxd4 Qe7 14. c4 Nh6 15.
cxd5 exd5 16. Rc5 Be6 17. Bb5 Rc8 18. O-O a6 19. Bxc6+ Rxc6 20. Bb4 Rxc5 21.
Bxc5 Qd8 22. Rb1 b5 23. Ra1 a5 24. Qd2 a4 25. Qe2 Qb8 26. Rb1 Bd7 27. Ng5 Nf5
28. g3 Bc6 29. e6 f6 30. e7 Bd7 31. Ne6 Nxg3 32. Qf3 Ne4 33. Nf4 Bg4 34. Qe3 Nc3
35. Re1 Kf7 36. Ne6 Ne4 37. Nd8+ Kg7 38. Bb4 Re8 39. Rc1 g5 40. hxg5 Nxg5 41.
Nc6 Nf3+ 42. Qxf3 Bxf3 43. Nxb8 Rxb8 44. Rc3 Bg4 45. f3 Be6 46. Rc7 Re8 1/2-1/2

[Event "46th Capablanca Memorial Open B"]
[Site "Havana CUB"]
[Date "2011.05.14"]
[Round "4.2"]
[White "Nunez Asencio, Jorge"]
[Black "Oliva Castaneda, Kevel"]
[Result "1/2-1/2"]
[WhiteElo "2248"]
[BlackElo "2265"]
[WhiteFideId "3510905"]
[BlackFideId "3500799"]
[EventDate "2011.05.11"]

1. d4 Nf6 2. c4 g6 3. Nc3 d5 4. cxd5 Nxd5 5. g3 Bg7 6. Bg2 Nxc3 7. bxc3 O-O 8.
Nf3 Nd7 9. O-O Rb8 10. a4 b6 11. a5 bxa5 12. Nd2 c5 13. Nb3 cxd4 14. Nxa5 Rb6
15. cxd4 Nb8 16. Be3 Rd6 17. Qb1 Ba6 18. Nb7 Bxb7 19. Qxb7 Bxd4 20. Bxd4 Rxd4
21. Qxa7 e6 22. Rab1 Rd2 23. Rb7 Qd4 24. Qxd4 Rxd4 1/2-1/2

[Event "46th Capablanca Memorial Open B"]
[Site "Havana CUB"]
[Date "2011.05.14"]
[Round "4.3"]
[White "Cruz de la Osa, Reyder"]
[Black "Lorente Pupo, Ramon Miguel"]
[Result "0-1"]
[BlackTitle "FM"]
[WhiteElo "2226"]
[BlackElo "2286"]
[WhiteFideId "3508935"]
[BlackFideId "3508200"]
[EventDate "2011.05.11"]

1. e4 c5 2. Nf3 d6 3. c3 Nf6 4. Bd3 g6 5. Bc2 Bg7 6. O-O O-O 7. h3 e5 8. d4 exd4
9. cxd4 Nc6 10. Nc3 Re8 11. Be3 b6 12. d5 Na5 13. Nd2 a6 14. a3 b5 15. Ne2 Rb8
16. Ng3 Nd7 17. b4 cxb4 18. axb4 Nc4 19. Nxc4 bxc4 20. f4 Rxb4 21. e5 dxe5 22.
f5 Nf6 23. d6 Bb7 24. Bg5 c3 25. fxg6 hxg6 26. Kh1 Re6 27. Qe1 Qxd6 28. Rd1 Rd4
29. Qf2 Qd7 30. Kh2 Rxd1 31. Rxd1 Rd6 32. Rf1 Bd5 33. Qe3 e4 34. Bh6 Bc4 35.
Bxg7 Kxg7 36. Rf2 Bd3 37. Qg5 Nh7 38. Qe5+ f6 39. Qxc3 Rc6 40. Qb3 Rxc2 41. Rxc2
Bxc2 42. Qxc2 f5 43. Qc3+ Nf6 44. Qe5 Kf7 45. Ne2 Qb5 46. Qc7+ Nd7 47. Nd4 Qe5+ 0-1

[Event "46th Capablanca Memorial Open B"]
[Site "Havana CUB"]
[Date "2011.05.14"]
[Round "4.4"]
[White "Perez Perez, Osniel"]
[Black "Gomez Arnau, Reinerio"]
[Result "1-0"]
[WhiteTitle "FM"]
[WhiteElo "2263"]
[BlackElo "2209"]
[WhiteFideId "3503461"]
[BlackFideId "3506223"]
[EventDate "2011.05.11"]

1. e4 e5 2. Nf3 d6 3. d4 exd4 4. Nxd4 Nf6 5. Nc3 Be7 6. Be2 O-O 7. O-O Re8 8. a4
a5 9. Re1 Na6 10. Bf1 Nc5 11. f3 c6 12. Be3 Bf8 13. Bf2 Qc7 14. Qd2 Bd7 15. Rad1
Rad8 16. Kh1 Bc8 17. Bc4 Ncd7 18. Bh4 Qb6 19. Bb3 Qb4 20. Nf5 Nc5 21. Nh6+ gxh6
22. Bxf6 Nxb3 23. Qf4 1-0

[Event "46th Capablanca Memorial Open B"]
[Site "Havana CUB"]
[Date "2011.05.14"]
[Round "4.5"]
[White "Macias Velazquez, Marlies"]
[Black "Li Torres, Manuel Eugenio"]
[Result "0-1"]
[BlackTitle "FM"]
[WhiteElo "2214"]
[BlackElo "2251"]
[WhiteFideId "3507793"]
[BlackFideId "3500489"]
[EventDate "2011.05.11"]

1. e4 g6 2. d4 Bg7 3. Nc3 c6 4. Nf3 d6 5. Be3 Nf6 6. h3 Qa5 7. Qd2 b5 8. Bd3
Nbd7 9. a3 e5 10. O-O O-O 11. Bh6 Re8 12. Bxg7 Kxg7 13. Rfe1 a6 14. b4 Qc7 15.
dxe5 dxe5 16. Ne2 c5 17. c3 Nb6 18. Rac1 Be6 19. Ng3 h6 20. Nh4 Ng8 21. Qe3 Nc4
22. Bxc4 Bxc4 23. Red1 Bb3 24. Rd6 Red8 25. bxc5 Rxd6 26. cxd6 Qd8 27. Nf3 Qxd6
28. Rb1 Be6 29. Rb4 Ne7 30. Nxe5 Qxe5 31. f4 Nd5 32. Nh5+ Qxh5 33. exd5 Qxd5 0-1

[Event "46th Capablanca Memorial Open B"]
[Site "Havana CUB"]
[Date "2011.05.14"]
[Round "4.6"]
[White "Pacey, Kevin"]
[Black "Gonzalez, Harold"]
[Result "1/2-1/2"]
[BlackTitle "FM"]
[WhiteElo "2169"]
[BlackElo "2250"]
[WhiteFideId "2600455"]
[BlackFideId "3506061"]
[EventDate "2011.05.11"]

1. e4 e5 2. Nf3 Nc6 3. Bb5 g6 4. d4 exd4 5. Bg5 f6 6. Bh4 Bg7 7. O-O Nge7 8.
Nxd4 O-O 9. Bc4+ Kh8 10. Nc3 Nxd4 11. Qxd4 d5 12. Rad1 c6 13. Bg3 Bg4 14. Be2
Bxe2 15. Nxe2 Qb6 16. Bd6 Rfe8 17. Bc5 Qc7 18. exd5 Nxd5 19. Nc3 Rad8 20. Nxd5
Rxd5 21. Qb4 b6 22. Bd6 Qf7 23. Qb3 f5 24. Rde1 Re6 25. Bb4 Bf6 26. Rxe6 Qxe6
27. Re1 Qd7 28. Bc3 Kg7 1/2-1/2

[Event "46th Capablanca Memorial Open B"]
[Site "Havana CUB"]
[Date "2011.05.14"]
[Round "4.9"]
[White "Corado, Rafael"]
[Black "De Quesada Pena, Alexei"]
[Result "0-1"]
[WhiteElo "2035"]
[BlackElo "2234"]
[WhiteFideId "3900541"]
[BlackFideId "3508730"]
[EventDate "2011.05.11"]

1. e4 c5 2. Nf3 d6 3. d4 cxd4 4. Nxd4 Nf6 5. Nc3 a6 6. Bg5 e6 7. f4 Be7 8. Qd2
h6 9. Bxf6 Bxf6 10. O-O-O Bd7 11. Kb1 Nc6 12. Nb3 Be7 13. Be2 Qc7 14. Qe3 O-O-O
15. Bf3 Kb8 16. Nd5 exd5 17. exd5 Nb4 18. Qxe7 Rhe8 19. Qxf7 Qxc2+ 20. Ka1 Bf5
21. Nd4 Qc4 22. Nb3 Rf8 23. Qxg7 Nc2+ 24. Kb1 Qa4 25. Nc1 Na3+ 26. Ka1 Qc2 0-1

[Event "46th Capablanca Memorial Open B"]
[Site "Havana CUB"]
[Date "2011.05.14"]
[Round "4.10"]
[White "Jodar Arias, Marlon"]
[Black "Gutierrez Delgado, Yusuan Alfred"]
[Result "1-0"]
[BlackTitle "FM"]
[WhiteElo "2174"]
[BlackElo "2242"]
[WhiteFideId "3505499"]
[BlackFideId "3508005"]
[EventDate "2011.05.11"]

1. e4 c5 2. Nf3 d6 3. d4 cxd4 4. Nxd4 Nf6 5. Nc3 g6 6. Be3 Bg7 7. f3 O-O 8. Qd2
Nc6 9. Bc4 Bd7 10. O-O-O Rb8 11. Bb3 Na5 12. Bh6 Bxh6 13. Qxh6 b5 14. g4 Nxb3+
15. Nxb3 b4 16. Nd5 Nxd5 17. exd5 Rb6 18. Rd4 e5 19. dxe6 fxe6 20. Qe3 e5 21.
Rd2 Qa8 22. Rhd1 Rxf3 23. Qg5 Qf8 24. Nc5 Be8 25. Ne4 h6 26. Qd8 Bc6 27. Qxf8+
Rxf8 28. Nxd6 Bf3 29. Rg1 Bxg4 30. Nc4 1-0